Fr. Conceicao Rodrigues College of Engineering

Advanced computer Network (Record no. 25194)

MARC details
000 -LEADER
fixed length control field 00342nam a2200157Ia 4500
082 ## - DEWEY DECIMAL CLASSIFICATION NUMBER
Classification number 4.6
Item number AMB
100 ## - MAIN ENTRY--PERSONAL NAME
Personal name Ambawade/Dayanand/ Shah Deven
245 ## - TITLE STATEMENT
Title Advanced computer Network
260 ## - PUBLICATION, DISTRIBUTION, ETC.
Name of publisher, distributor, etc. Dreamtech Press
Date of publication, distribution, etc. 2013
366 ## - TRADE AVAILABILITY INFORMATION
Publishers's discount category 25
300 ## - PHYSICAL DESCRIPTION
Extent 376
546 ## - LANGUAGE NOTE
Language note ENGLISH
-- Computers
650 ## - SUBJECT ADDED ENTRY--TOPICAL TERM
Topical term or geographic name entry element Network
942 ## - ADDED ENTRY ELEMENTS (KOHA)
Koha item type BOOK
Holdings
Withdrawn status Lost status Damaged status Not for loan Collection Home library Current library Date acquired Source of acquisition Cost, normal purchase price Inventory number Total Checkouts Full call number Barcode Date last seen Date last checked out Cost, replacement price Price effective from Koha item type
        CRC Fr. Agnel's C.Rodrigues College of Engineering Fr. Agnel's C.Rodrigues College of Engineering 17/03/2023 Professional Book House 299.25 190 dt 20/03/2013   4.6 AMB 22593 17/03/2023   399.00   BOOK
        CRC Fr. Agnel's C.Rodrigues College of Engineering Fr. Agnel's C.Rodrigues College of Engineering 17/03/2023 Professional Book House 299.25 190 dt 20/03/2013   4.6 AMB 22594 17/03/2023   399.00   BOOK
        CRC Fr. Agnel's C.Rodrigues College of Engineering Fr. Agnel's C.Rodrigues College of Engineering 17/03/2023 Professional Book House 299.25 190 dt 20/03/2013   4.6 AMB 22595 17/03/2023   399.00   BOOK
        CRC Fr. Agnel's C.Rodrigues College of Engineering Fr. Agnel's C.Rodrigues College of Engineering 17/03/2023 Professional Book House 299.25 190 dt 20/03/2013   4.6 AMB 22596 17/03/2023   399.00   BOOK
        CRC Fr. Agnel's C.Rodrigues College of Engineering Fr. Agnel's C.Rodrigues- College of Engineering 17/03/2023 Professional Book House 299.25 190 dt 20/03/2013 1 4.6 AMB 22592 31/08/2023 12/06/2023 399.00   BOOK